Adjudication has been referred to on many occasions in the past (Record no. 74977)
[ view plain ]
| 000 -LEADER | |
|---|---|
| fixed length control field | 01848cab a2200217 4500 |
| 001 - CONTROL NUMBER | |
| control field | ABS68825 |
| 008 - FIXED-LENGTH DATA ELEMENTS--GENERAL INFORMATION | |
| fixed length control field | 050324n2005 000 0 eng u |
| 035 ## - SYSTEM CONTROL NUMBER | |
| System control number | (Sirsi) u129161 |
| 100 ## - MAIN ENTRY--PERSONAL NAME | |
| Personal name | Franklin, K. |
| 245 ## - TITLE STATEMENT | |
| Title | Adjudication has been referred to on many occasions in the past |
| 260 ## - PUBLICATION, DISTRIBUTION, ETC. | |
| Date of publication, distribution, etc. | 2005 |
| 490 ## - SERIES STATEMENT | |
| Series statement | Architects' Journal |
| Volume/sequential designation | 221(10) 17 March 2005, 48(1) |
| 520 ## - SUMMARY, ETC. | |
| Summary, etc. | Examines the notion that construction disputes can be referred to adjudication at any time, even after a project has been completed, paid for and occupied. Discusses "Emcor Drake and Scull Ltd v Costain Skanska Joint Venture" ([2004] EWHC (TCC) 2439, unreported) which further looked at the issue of how many times a dispute can be referred. When Emcor (E) and Costain (C) entered a dispute over whether E could claim an extension of time, an adjudicator found that E had failed to prove its claim. However, E then referred the claim to a different adjudicator, who found in E's favour. C challenged the second decision, arguing that E should be bound by the first decision. Judge found that the first adjudicator had argued that C's claim was not proved and the second adjudicator had revisited the matter and his decision was enforceable. Concludes a dispute can be referred to adjudication at any time and more than once. View judgment at www.bailii.org. |
| 590 ## - LOCAL NOTE (RLIN) | |
| Local note | ABS |
| 650 ## - SUBJECT ADDED ENTRY--TOPICAL TERM | |
| Topical term or geographic name entry element | MANAGEMENT-DISPUTE AVOIDANCE, MANAGEMENT AND RESOLUTION-DISPUTE MANAGEMENT AND RESOLUTION-ALTERNATIVE DISPUTE RESOLUTION-ADJUDICATION |
| 650 ## - SUBJECT ADDED ENTRY--TOPICAL TERM | |
| Topical term or geographic name entry element | EMCOR DRAKE AND SCULL LTD V COSTAIN SKANSKA JOINT VENTURE |
| 650 ## - SUBJECT ADDED ENTRY--TOPICAL TERM | |
| Topical term or geographic name entry element | CONSTRUCTION DISPUTES |
| 690 ## - LOCAL SUBJECT ADDED ENTRY--TOPICAL TERM (OCLC, RLIN) | |
| Topical term or geographic name as entry element | MANGEMENT-DISPUTE AVOIDANCE, MANAGEMENT AND RESOLUTION-DISPUTE MANAGEMENT AND RESOLUTION |
| 856 ## - ELECTRONIC LOCATION AND ACCESS | |
| Uniform Resource Identifier | <a href="https://www.bailii.org/ew/cases/EWHC/TCC/2004/2439.html">https://www.bailii.org/ew/cases/EWHC/TCC/2004/2439.html</a> |
| Public note | View judgment on the Bailii website... |
| 942 ## - ADDED ENTRY ELEMENTS (KOHA) | |
| Suppress in OPAC | 0 |
| Withdrawn status | Lost status | Source of classification or shelving scheme | Damaged status | Not for loan | Home library | Current library | Shelving location | Date acquired | Total Checkouts | Full call number | Barcode | Date last seen | Copy number | Price effective from | Koha item type |
|---|---|---|---|---|---|---|---|---|---|---|---|---|---|---|---|
| Dewey Decimal Classification | London | London | Journal article | 24/03/2005 | ABS68825 | 129161-1001 | 06/08/2019 | 1 | 06/08/2019 | Journal article |